[Event "Lovsprings op 09th D"]
[Site "Ringsted"]
[Date "1997.04.18"]
[Round "5"]
[White "Nilsson, Jonas Gosta"]
[Black "Kroyer, Stefan M"]
[Result "0-1"]
[WhiteElo "1392"]
[BlackElo "1520"]
[PlyCount "124"]
[EventDate "1997.03.14"]
[EventType "swiss"]
[EventRounds "7"]
[EventCountry "DEN"]
[SourceTitle "EXT 2023"]
[Source "ChessBase"]
[SourceDate "2022.10.05"]
[SourceVersion "1"]
[SourceVersionDate "2022.10.05"]
[SourceQuality "1"]

1. e4 c6 2. c4 e6 3. Nc3 d5 4. cxd5 cxd5 5. exd5 exd5 6. Nf3 Nf6 7. d4 a6 8. a3 Nc6 9. Bd3 Bg4 10. Be3 Bd6 11. 0-0 0-0 12. h3 Bh5 13. Be2 Re8 14. Re1 h6 15. Qd2 Na5 16. Qc2 Rc8 17. Nd2 Bxe2 18. Rxe2 Qc7 19. Qf5 Qd8 20. Rae1 Bxa3 21. Nxd5 Nxd5 22. bxa3 Nc3 23. Kh1 Nxe2 24. Rxe2 Nc6 25. Qg4 Kh8 26. Nf3 f6 27. Rd2 Ne7 28. Nh4 Qd6 29. Rb2 b5 30. Ng6+ Nxg6 31. Qxg6 Kg8 32. Rb1 Qxa3 33. Kh2 Qd6+ 34. g3 Qe7 35. Re1 Qf7 36. Qf5 Rcd8 37. Rc1 Rd5 38. Qg4 Kh8 39. h4 Qh5 40. Qf4 Qf5 41. Qc7 Qd7 42. Qa5 Rxd4 43. Bxd4 Qxd4 44. Rf1 Qd6 45. Kg1 b4 46. Qa4 Rb8 47. Re1 f5 48. Rb1 Qb6 49. Qc2 Qb5 50. Qb3 a5 51. Ra1 Rd8 52. h5 Qd5 53. Qa4 b3 54. Re1 Rd7 55. Rb1 Rb7 56. Qe8+ Qg8 57. Qc6 Rb8 58. Qa4 Qd5 59. Qf4 Qb5 60. Qd6 b2 61. Qa3 a4 62. Kh2 Qb4 0-1

[Event "Lovsprings op 08th C"]
[Site "Ringsted"]
[Date "1996.03.22"]
[Round "3"]
[White "Jorgensen, Morten"]
[Black "Kroyer, Stefan M"]
[Result "1/2-1/2"]
[WhiteElo "1461"]
[BlackElo "1497"]
[PlyCount "62"]
[EventDate "1996.03.08"]
[EventType "swiss"]
[EventRounds "7"]
[EventCountry "DEN"]
[SourceTitle "EXT 2023"]
[Source "ChessBase"]
[SourceDate "2022.10.05"]
[SourceVersion "1"]
[SourceVersionDate "2022.10.05"]
[SourceQuality "1"]

1. d4 d5 2. c4 c6 3. cxd5 cxd5 4. Nc3 Nc6 5. g3 Nf6 6. Bg2 Bf5 7. a3 e6 8. Nf3 Be7 9. 0-0 0-0 10. Nh4 Bg6 11. Nxg6 fxg6 12. Bf4 Qb6 13. b4 Qxd4 14. Nb5 Qxd1 15. Rfxd1 Rac8 16. Bh3 Kf7 17. Nc7 Nd8 18. Nxd5 Nxd5 19. Rxd5 Rc2 20. Rd2 Rxd2 21. Bxd2 Nc6 22. e3 Bf6 23. Ra2 Ne5 24. Bg2 b6 25. Rc2 Rd8 26. Be1 Rd1 27. Kf1 Ke7 28. Rc7+ Kd8 29. Rxa7 Ra1 30. Ke2 Ra2+ 31. Kf1 Ra1 1/2-1/2